| 000 | 00798nam a22002057a 4500 | ||
|---|---|---|---|
| 005 | 20240103112437.0 | ||
| 010 | _aB-756778-782 | ||
| 020 |
_a9789392594755 _c900.00 |
||
| 035 | _aB-756778-782 | ||
| 037 | _aSunnvik Books | ||
| 082 | _a020 | ||
| 100 |
_aWesly, J. Jerome _960564 |
||
| 245 |
_aInformation Literacy Applications in LIS/ _cBy J. Jerome Wesly and P. Balasubramanian |
||
| 260 |
_aNew Delhi _bEss Ess Publications _c2023 |
||
| 270 |
_a4831/24, Ansari Road, Daryaganj _bNew Delhi _e110002 |
||
| 300 |
_a199p. _c23cm(Hb) |
||
| 700 |
_aBalasubramanian, P. _eAuthor _960379 |
||
| 942 |
_2ddc _cEN _h020 _mWES |
||
| 999 |
_c199881 _d199881 |
||